000
00259nam a2200121Ia 4500
008
190216s9999||||xx |||||||||||||| ||und||
100
_a
Null
245
0
_a
Hindi-Dil Aya Dilliyem
260
_b
Current Books
300
_a
121
650
_a
Hindi
942
_c
BK
999
_c
15688
_d
15688